Statistics for Car Makes: No Vowels

Click here to take the quiz!

General Stats

  • This quiz has been taken 78 times
  • The average score is 21 of 24

Answer Stats

No VowelsCar Make% Correct
CHVRLTChevrolet
100%
FRRRFerrari
100%
FRDFord
100%
LMBRGHNLamborghini
100%
PRSCHPorsche
100%
HNDHonda
99%
MZDMazda
99%
MRCDS-BNZMercedes-Benz
99%
TYTToyota
99%
VLKSWGNVolkswagen
99%
LNCLNLincoln
97%
HYNDHyundai
96%
MTSBSHMitsubishi
93%
BGTTBugatti
90%
HMMRHummer
90%
JPJeep
89%
MSRTMaserati
89%
SBRSubaru
87%
RNLTRenault
85%
PGTPeugeot
83%
SKDSkoda
75%
NFNTInfiniti
62%
LDSMBLOldsmobile
52%
DAudi
27%

Score Distribution

Percentile by Number Answered

Percent of People with Each Score

Your Score History

You have not taken this quiz